000 00665nam a22002177a 4500
005 20250827154400.0
008 250827b |||||||| |||| 00| 0 eng d
037 _cTB
040 _aAL
_cAL
041 _2Eng
_aEnglish
084 _aQ40aR65,6 L1
_qAL
100 _a; by Upadhyaya, Kashi Nath
_9819080
245 _aEarly Buddhism and the Bhagavadgita
260 _aIndia, Delhi
_bMotilal Banarsidas
_c1971
300 _axix, 567p.
365 _b550
_cINR
650 _2RELIGION
700 _aby Upadhyaya, Kashi Nath
_eAuthor
_9819081
942 _2CC
_cTB
_hQ40aR65,6 L1
_n0
999 _c1434919
_d1434919